<?xml version="1.0" encoding="UTF-8"?>
<collection xmlns="http://www.loc.gov/MARC21/slim">
 <record>
  <leader>01603nam a22002177a 4500</leader>
  <controlfield tag="001">NCT_75774</controlfield>
  <controlfield tag="008">200227b        xxu||||| |||| 00| 0 vie d</controlfield>
  <datafield tag="999" ind1=" " ind2=" ">
   <subfield code="c">3692</subfield>
   <subfield code="d">3692</subfield>
  </datafield>
  <datafield tag="020" ind1=" " ind2=" ">
   <subfield code="a">9786049225734</subfield>
   <subfield code="c">169000</subfield>
  </datafield>
  <datafield tag="082" ind1="0" ind2="4">
   <subfield code="2">23rd ed.</subfield>
   <subfield code="a">658.5</subfield>
   <subfield code="b">A107</subfield>
  </datafield>
  <datafield tag="100" ind1="1" ind2=" ">
   <subfield code="a">Đinh Bá Hùng Anh</subfield>
   <subfield code="e">Chủ biên</subfield>
  </datafield>
  <datafield tag="245" ind1="1" ind2="0">
   <subfield code="a">Quản trị chất lượng toàn diện TQM và nhóm chất lượng</subfield>
   <subfield code="c">Đinh Bá Hùng Anh (chủ biên) ; Lê Hữu Hoàng</subfield>
  </datafield>
  <datafield tag="260" ind1=" " ind2=" ">
   <subfield code="a">Tp. Hồ Chí Minh</subfield>
   <subfield code="b">Kinh tế Tp. Hồ Chí Minh</subfield>
   <subfield code="c">2017</subfield>
  </datafield>
  <datafield tag="300" ind1=" " ind2=" ">
   <subfield code="a">335 tr</subfield>
   <subfield code="b">minh họa</subfield>
   <subfield code="c">24cm</subfield>
  </datafield>
  <datafield tag="520" ind1="3" ind2=" ">
   <subfield code="a">Sách đề cập khái niệm nhóm chất lượng và quản trị chất lượng toàn diện. Phân tích lợi ích khi áp dụng nhóm chất lượng cũng như trình bày cách thức để khởi động, tổ chức và duy trì hoạt động này. Trình bày về công cụ cũng như câu chuyện chất lượng; kể về quá trình triển khai nhóm chất lượng của vài nhóm trên khắp thế giới để bạn đọc tham khảo.</subfield>
  </datafield>
  <datafield tag="653" ind1=" " ind2=" ">
   <subfield code="a">Quản trị kinh doanh</subfield>
  </datafield>
  <datafield tag="700" ind1="1" ind2=" ">
   <subfield code="a">Lê Hữu Hoàng</subfield>
  </datafield>
  <datafield tag="942" ind1=" " ind2=" ">
   <subfield code="2">ddc</subfield>
   <subfield code="c">BK</subfield>
  </datafield>
  <datafield tag="952" ind1=" " ind2=" ">
   <subfield code="0">0</subfield>
   <subfield code="1">0</subfield>
   <subfield code="2">ddc</subfield>
   <subfield code="4">0</subfield>
   <subfield code="6">658_500000000000000_A107</subfield>
   <subfield code="7">0</subfield>
   <subfield code="9">18943</subfield>
   <subfield code="a">000001</subfield>
   <subfield code="b">000001</subfield>
   <subfield code="d">2020-02-27</subfield>
   <subfield code="o">658.5 A107</subfield>
   <subfield code="p">MD.16714</subfield>
   <subfield code="r">2020-02-27</subfield>
   <subfield code="v">169000.00</subfield>
   <subfield code="w">2020-02-27</subfield>
   <subfield code="y">BK</subfield>
  </datafield>
  <datafield tag="952" ind1=" " ind2=" ">
   <subfield code="0">0</subfield>
   <subfield code="1">0</subfield>
   <subfield code="2">ddc</subfield>
   <subfield code="4">0</subfield>
   <subfield code="6">658_500000000000000_A107</subfield>
   <subfield code="7">0</subfield>
   <subfield code="9">18944</subfield>
   <subfield code="a">000001</subfield>
   <subfield code="b">000001</subfield>
   <subfield code="d">2020-02-27</subfield>
   <subfield code="o">658.5 A107</subfield>
   <subfield code="p">MD.16715</subfield>
   <subfield code="r">2020-02-27</subfield>
   <subfield code="v">169000.00</subfield>
   <subfield code="w">2020-02-27</subfield>
   <subfield code="y">BK</subfield>
  </datafield>
  <datafield tag="980" ind1=" " ind2=" ">
   <subfield code="a">Thư viện Trường Đại học Nam Cần Thơ</subfield>
  </datafield>
 </record>
</collection>
